Handbook of food preservation / (Record no. 18546)

000 -LEADER
fixed length control field 00481cam a22001814a 4500
020 ## - INTERNATIONAL STANDARD BOOK NUMBER
ISBN 9781574446067 (alk. paper)
020 ## - INTERNATIONAL STANDARD BOOK NUMBER
ISBN 1574446061 (alk. paper)
040 ## - CATALOGING SOURCE
Transcribing agency DLC
082 00 - DEWEY DECIMAL CLASSIFICATION NUMBER
Classification number 664 CRC 2007 C147 Or.
245 00 - TITLE STATEMENT
Title Handbook of food preservation /
250 ## - EDITION STATEMENT
Edition statement 2nd ed
260 ## - PUBLICATION, DISTRIBUTION, ETC. (IMPRINT)
Place of publication Boca Raton :
Name of publisher CRC Press,
Year of publication c2007
300 ## - PHYSICAL DESCRIPTION
Number of Pages xvii, 1068 p. :
Other physical details ill. ;
Dimensions 26 cm
490 1# - SERIES STATEMENT
Series statement Food science and technology
650 #0 - SUBJECT ADDED ENTRY--TOPICAL TERM
Topical Term Food
700 1# - ADDED ENTRY--PERSONAL NAME
Personal name Rahman, Shafiur
942 ## - ADDED ENTRY ELEMENTS (KOHA)
Koha item type ADB
952 ## - LOCATION AND ITEM INFORMATION (KOHA)
Withdrawn status [LOCAL, KOHA] 0
Holdings
Source of acquisition Permanent Location Date acquired Koha item type Lost status Barcode Current Location Full call number
A39460Library Block C2019-12-18សៀវភៅភាសាអង់គ្លេស A39460Library Block C664 CRC 2007 C147 Or.
មជ្ឈមណ្ឌលឯការនៃសាកលវិទ្យាល័យភូមិន្ទកសិកម្មចំការដូង

Powered by Koha